Ex Verbs - Statistics

General Stats
  • This quiz has been taken 33 times
  • The average score is 12 of 20
Answer Stats
Hint Answer % Correct
Arouse cite
100%
Inspect amine
93%
Emit breath or vapor hale
86%
Disinter hume
86%
Depart it
86%
Rid an evil spirit orcise
86%
Barter or swap change
71%
Spread or stretch forth tend
64%
Display hibit
57%
Quench tinguish
57%
Dig out and remove cavate
50%
Surpass ceed
50%
Bar from participation clude
50%
Remove the surface in scales or laminae foliate
43%
Forcibly remove from one's country or home ile
43%
Make more violent, bitter, or severe acerbate
29%
Select a passage for quotation cerpt
29%
Rejoice, leap for joy ult
29%
Remove or reduce blame cuse
21%
Come to an end pire
21%
No matching quizzes found
Score Distribution
Percent of People with Each Score
Percentile by Number Answered
Your Score History
You have not taken this quiz